Illegal rhino horn trade (Registro nro. 908)

Detalles MARC
000 -CABECERA
Campo de control 00739nam a2200229 a 4500
005 - FECHA Y HORA DE LA ULTIMA TRANSACCION
Campo de control 20200511175357.0
008 - ELEMENTOS DE LONGITUD FIJA—INFORMACION GENERAL
Campo de control 140224b1993 ||||| |||| 00| 0 eng d
040 ## - FUENTE DE CATALOGACIÓN
Agencia catalogadora original CO-BoIAVH
Agencia transcriptora CO-BoIAVH
041 ## - IDIOMA
Código de idioma para texto/pista de sonido o título separado Inglés
082 ## - NUMERO DE CLASIFICACION DECIMAL DEWEY
Número de clasificación 599.096
090 ## - CLASIFICACIÓN LOCAL
Colección LB
Consecutivo 00896
100 ## - ASIENTO PRINCIPAL--NOMBRE PERSONAL
Nombre personal Galster, Steven R.
245 ## - MENCION DE TITULO
Título Illegal rhino horn trade
Parte restante del título the case for sanctions against Taiwan and China, the need for new enforcement action in Hong Kong
260 ## - PUBLICACION, DISTRIBUCION, ETC. (PIE DE IMPRENTA)
Lugar de publicación, distribución, etc. Londres
Nombre del editor, distribuidor, etc. Environmental Investigation Agency
-- World Society for the Protection of Animals
Fecha de publicación, distribución, etc. 1993
300 ## - DESCRIPCION FISICA
Extensión 34 p.
650 ## - ASIENTO SECUNDARIO DE MATERIA - TERMINO TEMATICO
Término temático o nombre geográfico como elemento de entrada CITES
650 ## - ASIENTO SECUNDARIO DE MATERIA - TERMINO TEMATICO
Término temático o nombre geográfico como elemento de entrada Tráfico de especies
650 ## - ASIENTO SECUNDARIO DE MATERIA - TERMINO TEMATICO
Término temático o nombre geográfico como elemento de entrada Sanciones
650 ## - ASIENTO SECUNDARIO DE MATERIA - TERMINO TEMATICO
Término temático o nombre geográfico como elemento de entrada Rinocerontes
662 ## - ASIENTO SECUNDARIO DE MATERIA - JERARQUIA DEL NOMBRE DE LUGAR(
País o entidad mayor China
942 ## - ELEMENTOS ADICIONALES (KOHA)
Tipo de ítem Libro
Sistema de clasificación Local
Existencias
Withdrawn status Lost status Sistema de Clasificación Damaged status No para préstamo Colección Inventariado Ubicación Permanente Ubicación actual Fecha de adquisición Fuente de Valor Total Checkouts Número topográfico Inventario / Código de Barras Date last seen Ejemplar Price effective from Tipo de material
    Local     General Inventariado 2017 Villa de Leyva Villa de Leyva 13/01/1999 Franco, Ana María   LB-00896 001265 04/12/2012 Ej. 1 04/12/2012 Libro